| 000 | 00455nam a22001817a 4500 | ||
|---|---|---|---|
| 003 | MPLRDC | ||
| 005 | 20220104143213.0 | ||
| 008 | 210129b ||||| |||| 00| 0 eng d | ||
| 082 | _a416.9 WGH | ||
| 100 | _a王光和 等编著 | ||
| 245 |
_a口腔病问答 _c |
||
| 250 | _a一版一刷 | ||
| 260 |
_a _b科学普及出版社 _c1985 |
||
| 300 | _b平 | ||
| 490 | _a家庭医学顾问丛书. 8 | ||
| 650 | _a口腔病知识 | ||
| 942 |
_cBK _o416.9 WGH |
||
| 999 |
_c37615 _d37605 |
||